000 nam a22 7a 4500
999 _c7605
_d7605
008 170922b xxu||||| |||| 00| 0 eng d
100 _94109
_aUppal.A.K.etal.
245 _aPhysical Education & Health-XII
260 _aNew Delhi
_bF.P.
_c2009